Hybrid circuit design and manufacture /

Bibliographic Details
Main Author: Jones, Roydn D., 1943-
Corporate Author: International Society for Hybrid Microelectronics
Format: Book
Language:English
Published: New York : M. Dekker, [1982]
Series:Electrical engineering and electronics ; 12.
Subjects:

MARC

Tag First Indicator Second Indicator Subfields
LEADER 00000pam a2200000 a 4500
001 in00000092720
005 20150923132205.0
008 811029s1982 nyua 00110 eng
010 |a  81017535  
020 |a 0824716892 
035 |a (OCoLC)07947668 
035 |9 AAK7542AM 
039 0 |a 2  |b 3  |c 3  |d 3  |e 3 
040 |a DLC  |c DLC  |d TXA  |d UtOrBLW 
049 |a TXAM  |c [985867] 
050 0 0 |a TK7874  |b  J66 
082 0 |a 621.381/73  |2 19 
100 1 |a Jones, Roydn D.,  |d 1943- 
245 1 0 |a Hybrid circuit design and manufacture /  |c Roydn D. Jones ; sponsored by International Society for Hybrid Microelectronics. 
264 1 |a New York :  |b M. Dekker,  |c [1982] 
264 4 |c ©1982 
300 |a ix, 212 pages :  |b illustrations ;  |c 24 cm. 
336 |a text  |b txt  |2 rdacontent 
337 |a unmediated  |b n  |2 rdamedia 
338 |a volume  |b nc  |2 rdacarrier 
490 1 |a Electrical engineering and electronics ;  |v 12 
500 |a Includes index. 
650 0 |a Hybrid integrated circuits. 
650 0 |a Thin-film circuits. 
650 0 |a Thick-film circuits. 
650 0 |a Electronic circuit design. 
710 2 |a International Society for Hybrid Microelectronics. 
830 0 |a Electrical engineering and electronics ;  |v 12. 
999 |a MARS 
999 f f |s 1c4434f2-8cdc-352d-a250-a77d98bf7826  |i 8e056bad-2e72-3da8-9768-0c956ec754aa  |t 0 
952 f f |p ric  |a Texas A&M University  |b Rellis Campus  |c Joint Library Facility  |d Remote Storage  |t 0  |e TK7874 J66  |h Library of Congress classification  |i unmediated -- volume  |m A14806006043 
998 f f |a TK7874 J66  |t 0  |l Remote Storage